000 00620nam a2200181 4500
001 143956
003 ES-MaACL
005 20230906200920.0
007 t|
008 070214s1912 xxk r ||||1| eng d
100 1 _aShaw, Bernard.
_9106025
245 1 0 _aCashel Byron's profession
_b: being n. 4 of the novels of his nonage ; also The admirable Bashville ; and an essay on Modern prizefighting /
_cby Bernard Shaw.
260 _aLondon :
_bConstable and Co.,
_c1912.
300 _aXXIII, 349 p. ;
_c18 x 12 cm.
740 0 _aThe admirable Bashville.
740 0 _aModern prizefighting.
852 _aES-MaACL
_jG-3514
999 _c143956
_d143956